The tao of physics: an exploration of the parallels between modern physics and eastern mysticism

Gorde:
Xehetasun bibliografikoak
Formatua: Liburua
Hizkuntza:ingelesa
Argitaratua: Toronto Bantam Books 1984
Edizioa:2a. ed
Gaiak:
Etiketak: Etiketa erantsi
Etiketarik gabe, Izan zaitez lehena erregistro honi etiketa jartzen!

MARC

LEADER 00000nam a2200000 a 4500
001 UCO4433
003 CL-VaPUC
008 000804e19840000CN |||||||||||||||||eng|d
082 0 4 |a 530.01  |b TAO  |2 21 
245 1 4 |a The tao of physics: an exploration of the parallels between modern physics and eastern mysticism 
250 |a 2a. ed 
300 |a 346 p 
942 |c BK 
945 |d 20000804 00:00:00  |a vberengu 
260 |a Toronto  |b Bantam Books  |c 1984 
650 0 |a Filosofía de las ciencias  |9 256466 
650 0 |a Filosofía oriental  |9 319113 
650 0 |a Física   |9 227844 
650 7 |a TAOISMO  |2 CL-VaPUC  |9 323460 
583 |a last modification  |c 20000804 00:00:00  |k Rodrigo Vera 
999 |c 290474  |d 290472